000 00685nam a2200217 4500
001 122536
003 ES-MaACL
005 20240514122652.0
007 t|
008 070214s1982 sp r ||||1| spa d
100 1 _aPuerto, José Luis.
_994188
245 1 3 _aEl tiempo que nos teje /
_cJosé Luis Puerto.
260 _aLeón :
_bInstitución Fray Bernardino de Sahagún,
_c1982.
300 _a56 p. ;
_c20 cm.
490 1 _aProvincia. Colección de poesía ;
_v62
710 2 _aInstitución "Fray Bernardino de Sahagún"
_94722
830 0 0 _aProvincia (León) ;
_v62
_9236377
852 _aES-MaACL
_jL-3718
_bR.104597
942 _2udc
999 _c122536
_d122536